| 000 | 00548nam a22001817a 4500 | ||
|---|---|---|---|
| 003 | OSt | ||
| 005 | 20180116183046.0 | ||
| 008 | 160720b xxu||||| |||| 00| 0 eng d | ||
| 020 | _a978007159941 | ||
| 040 | _c0 | ||
| 082 | _a658.4092 BY 2009 | ||
| 100 | _aFrank Buytendijk | ||
| 245 |
_aPerformance Leadership _bThe Next Practices to Motivate your People, align Stakeholders and Lead your Industry _cFrank Buytendijk |
||
| 260 |
_aNew York _bMc Graw Hill _c2009 |
||
| 300 |
_a302 p. _bHB |
||
| 440 | _aPerformance Leadership | ||
| 942 |
_2ddc _cBK |
||
| 999 |
_c351428 _d351428 |
||